<?xml version="1.0" encoding="UTF-8"?>
<collection xmlns:xsi="http://www.w3.org/2001/XMLSchema-instance" xsi:schemaLocation="http://www.loc.gov/MARC21/slim http://www.loc.gov/standards/marcxml/schema/MARC21slim.xsd" xmlns="http://www.loc.gov/MARC21/slim">
 <record>
  <leader>00000cam a22000003i 4500</leader>
  <controlfield tag="001">UP-1685594773862075538</controlfield>
  <controlfield tag="003">Buklod</controlfield>
  <controlfield tag="005">20170317144429.0</controlfield>
  <controlfield tag="006">g||| |     ||   ||</controlfield>
  <controlfield tag="007">ta</controlfield>
  <controlfield tag="008">170317s2013    xx ab   rb   |||1 u|eng d</controlfield>
  <datafield tag="020" ind1=" " ind2=" ">
   <subfield code="a">9780199653003</subfield>
  </datafield>
  <datafield tag="035" ind1=" " ind2=" ">
   <subfield code="a">(iLib)UPBAG-00023564392</subfield>
  </datafield>
  <datafield tag="037" ind1=" " ind2=" ">
   <subfield code="a">BC-67927</subfield>
   <subfield code="b">Golden Books Services, Inc.</subfield>
  </datafield>
  <datafield tag="040" ind1=" " ind2=" ">
   <subfield code="a">DLC</subfield>
   <subfield code="d">BAG</subfield>
   <subfield code="e">rda</subfield>
  </datafield>
  <datafield tag="041" ind1="0" ind2=" ">
   <subfield code="a">eng</subfield>
  </datafield>
  <datafield tag="090" ind1=" " ind2="0">
   <subfield code="a">QE 634 H55</subfield>
   <subfield code="b">S43 2013</subfield>
  </datafield>
  <datafield tag="100" ind1="1" ind2=" ">
   <subfield code="a">Searle, Mike</subfield>
   <subfield code="e">author.</subfield>
  </datafield>
  <datafield tag="245" ind1="1" ind2="0">
   <subfield code="a">Colliding continents</subfield>
   <subfield code="b">a geological exploration of the Himalaya, Karakoram, &amp; Tibet</subfield>
   <subfield code="c">Mike Searle.</subfield>
  </datafield>
  <datafield tag="264" ind1=" " ind2="1">
   <subfield code="a">Clarendon Street, Oxford</subfield>
   <subfield code="b">Oxford University</subfield>
   <subfield code="c">©2013.</subfield>
  </datafield>
  <datafield tag="300" ind1=" " ind2=" ">
   <subfield code="a">xxiii, 438 pages</subfield>
   <subfield code="b">illustrations (chiefly color), maps (chiefly color)</subfield>
   <subfield code="c">26 cm</subfield>
  </datafield>
  <datafield tag="504" ind1=" " ind2=" ">
   <subfield code="a">Includes bibliographical references (pages [419]-430) and index.</subfield>
  </datafield>
  <datafield tag="505" ind1="0" ind2=" ">
   <subfield code="a">Oceans and continents -- Continents in collision : Kashmir, Ladakh, Zanskar -- The dreaming spires of the Karakoram -- Pressure, temperature, time, and space -- Frozen rivers and fault lines -- North-west frontier : Kohistan, Hindu Kush, Pamirs -- Faces of Everest -- Mapping the geology of Everest and Makalu -- Mountains and Maoists : Annapurna, Manaslu -- Around the bend : Nanga Parbat, Namche Barwa -- Roof of the world : Tibet, Pamirs -- Extruding Indochina : Burma, Vietnam, Yunnan, Thailand -- The day the earth shook : the Sumatra-Andaman earthquake 2004 -- The making of the Himalaya, Karakoram and Tibetan Plateau.</subfield>
  </datafield>
  <datafield tag="650" ind1=" " ind2="0">
   <subfield code="a">Geodynamics</subfield>
   <subfield code="z">Himalaya Mountains Region.</subfield>
  </datafield>
  <datafield tag="650" ind1=" " ind2="0">
   <subfield code="a">Plate tectonics</subfield>
   <subfield code="z">Himalaya Mountains Region.</subfield>
  </datafield>
  <datafield tag="650" ind1=" " ind2="0">
   <subfield code="a">Geology, Structural</subfield>
   <subfield code="z">Himalaya Mountains.</subfield>
  </datafield>
  <datafield tag="650" ind1=" " ind2="0">
   <subfield code="a">Geology, Structural</subfield>
   <subfield code="z">Karakoram Range.</subfield>
  </datafield>
  <datafield tag="650" ind1=" " ind2="0">
   <subfield code="a">Geology, Structural</subfield>
   <subfield code="z">Tibet, Plateau of.</subfield>
  </datafield>
  <datafield tag="651" ind1=" " ind2="0">
   <subfield code="a">Himalaya Mountains.</subfield>
  </datafield>
  <datafield tag="651" ind1=" " ind2="0">
   <subfield code="a">Karakoram Range.</subfield>
  </datafield>
  <datafield tag="651" ind1=" " ind2="0">
   <subfield code="a">Tibet, Plateau of.</subfield>
  </datafield>
  <datafield tag="905" ind1=" " ind2=" ">
   <subfield code="a">FO</subfield>
  </datafield>
  <datafield tag="852" ind1="0" ind2=" ">
   <subfield code="a">UPBAG</subfield>
   <subfield code="b">UPBAG-MAIN</subfield>
   <subfield code="h">QE 634 H55 S43 2013</subfield>
  </datafield>
  <datafield tag="942" ind1=" " ind2=" ">
   <subfield code="a">Book</subfield>
  </datafield>
 </record>
</collection>
